Somatic embryogenesis and plant regeneration from immature anthers of Hevea brasiliensis (Muell. Arg.) (Record no. 48845)

MARC details
000 -LEADER
fixed length control field 00643nam a2200229Ia 4500
100 ## - MAIN ENTRY--AUTHOR NAME
Personal name Jayasree P.K.
245 #0 - TITLE STATEMENT
Title Somatic embryogenesis and plant regeneration from immature anthers of Hevea brasiliensis (Muell. Arg.)
260 ## - PUBLICATION, DISTRIBUTION, ETC. (IMPRINT)
Name of publisher Current Science
Year of publication 1999
300 ## - PHYSICAL DESCRIPTION
Number of Pages 1242-1245
650 ## - SUBJECT ADDED ENTRY--TOPICAL TERM
Topical Term Anther culture
650 ## - SUBJECT ADDED ENTRY--TOPICAL TERM
Topical Term Plant regeneration
650 ## - SUBJECT ADDED ENTRY--TOPICAL TERM
Topical Term Somatic embryogenesis
700 ## - ADDED ENTRY--PERSONAL NAME
Personal name Asokan M.P.
700 ## - ADDED ENTRY--PERSONAL NAME
Personal name Jayashree R.
700 ## - ADDED ENTRY--PERSONAL NAME
Personal name Kala R.G.
700 ## - ADDED ENTRY--PERSONAL NAME
Personal name Rekha K.
700 ## - ADDED ENTRY--PERSONAL NAME
Personal name Sankariammal L.
700 ## - ADDED ENTRY--PERSONAL NAME
Personal name Sobha S.
700 ## - ADDED ENTRY--PERSONAL NAME
Personal name Thulaseedharan A.
942 ## - ADDED ENTRY ELEMENTS (KOHA)
Koha item type Bibliography STAF
Holdings
Withdrawn status Lost status Damaged status Not for loan Home library Current library Shelving location Date acquired Serial Enumeration / chronology Koha item type
      Bibliography RRII Library RRII Library Biotechnology 09/04/2014 Volume 76, Issue 9 Bibliography STAF